| 000 | 00905nam a2200265 a 4500 | ||
|---|---|---|---|
| 001 | 31619 | ||
| 003 | BD-RjUL | ||
| 005 | 20211209051727.0 | ||
| 008 | 140421r19321952enk 001 0 eng d | ||
| 035 | _a(BD-RjUL) | ||
| 040 |
_aDLC _cCarP _dDLC _dBD-RjUL _beng |
||
| 041 | _aeng | ||
| 082 |
_a270 _bPAH V-21 1952 |
||
| 100 | 1 |
_aPastor, Ludwig, _d1854-1928. [from old catalog] _994339 |
|
| 245 | 0 | 4 |
_aThe history of the popes: _b from the close of the middle ages / _c Ludwig Freiherr Von Pastor _nVolume XXI : _pSixtus V. (1585-1590) |
| 260 |
_aLondon : _bRoutledge & Kegan Paul Ltd, _c1932 [Reprinted 1952] |
||
| 300 |
_axxxiv,453 p. ; _c23 cm. |
||
| 504 | _aIncludes Index | ||
| 610 |
_aCatholic Church -- History. _9114351 |
||
| 650 | 0 |
_aPapacy _xHistory. _996226 |
|
| 700 | 1 |
_aKerr, Ralph Francis _eed. _994371 |
|
| 942 |
_2ddc _cBK |
||
| 999 |
_c31619 _d31619 |
||